Statistics for Vex Robotics and FVC Games

Click here to take the quiz!

General Stats

  • This quiz has been taken 38 times
  • The average score is 12 of 19

Answer Stats

HintAnswer% Correct
2024Over Under
97%
2021Change Up
93%
2023Spin Up
93%
2017Starstruck
93%
2022Tipping Point
93%
2020
Tower Takeover
86%
2018In The Zone
83%
2019Turning Point
79%
2016Nothing But Net
76%
2015Skyrise
62%
2013Sack Attack
55%
2014Toss Up
52%
2008Bridge Battle
45%
2012Gateway
41%
2011Round Up
31%
2010Clean Sweep
28%
2009Elevation
28%
2006Half-Pipe Hustle
24%
2007Hangin'-A-Round
17%

Score Distribution

Percentile by Number Answered

Percent of People with Each Score

Your Score History

You have not taken this quiz